000 00351 a2200169 4500
001 58429
020 _a8508090730
040 _cAnchieta - Pituba
100 _aAbreu, Casimiro de
240 1 0 _aAs primaveras
_lpor
245 1 0 _aAs primaveras
300 _a200
362 0 _a2004
440 1 _aÁtica
650 4 _aPoesia brasileira
942 _cBK
999 _c58429
_d58429